000 00839camaa2200277M 4500
001 75530
005 20230410103521.0
008 920725s1973 dr 000 0 spa d
035 _a(OCoLC)ocn431809743
040 _aBNM
_bspa
_cBNM
016 7 _abimoBNE19982331717
_2SpMaBN
035 _a(OCoLC)431809743
050 1 4 _a118 PQ 7409
_bH557i 1973
082 0 0 _aRD861.44
100 1 _aHernández Mejía, Edgardo.
245 1 0 _aImágenes del litoral /
_cE. Hernández-Mejía. [Vínetas de Gilberto Hernández Ortega].
260 _aSanto Domingo :
_b[Taller de Impresiones,
_c1973].
300 _a45 p., 1 h.
_bgrab.
_c21 cm.
650 4 _aLiteratura dominicana.
650 4 _aCES
650 4 _aColección Enriquillo Sánchez
700 1 _aHernández Ortega, Gilberto.
942 _2lcc
_cbk
994 _aC0
_bDRFGD
946 _aPP
999 _c20390
_d20390